| 000 | 00472nam a2200169Ia 4500 | ||
|---|---|---|---|
| 008 | 230917s9999||||xx |||||||||||||| ||und|| | ||
| 020 | _cRS125 | ||
| 040 |
_e234075 _aMAIN |
||
| 041 | _aEnglish | ||
| 082 | _aB R137R:M | ||
| 100 | _aRajasvi, ed. | ||
| 245 | 0 | _aMain Rajendra Prasad bol raha hoon | |
| 260 |
_aNew Delhi _bPrabhat Parkashan _c2014 |
||
| 300 | _a159 p. | ||
| 500 | _a2358 10/08/2016 HBD16/6603 11/08/2016 Rashtriya Uchchatar Shiksha Abhiyan | ||
| 942 | _cBK | ||
| 999 |
_c18921 _d18921 |
||